[Event "Quebec-ch U20"]
[Site "Montreal"]
[Date "1991.03.02"]
[Round "5"]
[White "Gravel, Simon M"]
[Black "Pereira, Shelby"]
[Result "1-0"]
[WhiteElo "2168"]
[BlackElo "1803"]
[PlyCount "65"]
[EventDate "1991.02.28"]
[EventType "tourn"]
[EventRounds "7"]
[EventCountry "CAN"]
[SourceTitle "EXT 2022"]
[Source "ChessBase"]
[SourceDate "2021.10.06"]
[SourceVersion "1"]
[SourceVersionDate "2021.10.06"]
[SourceQuality "1"]

1. e4 c5 2. Nf3 e6 3. d4 cxd4 4. Nxd4 Nf6 5. Nc3 d6 6. g4 Nc6 7. g5 Nd7 8. Be3 a6 9. h4 Be7 10. Qe2 Qc7 11. 0-0-0 b5 12. Nxc6 Qxc6 13. Bd4 0-0 14. f4 e5 15. Nd5 Re8 16. Be3 exf4 17. Bxf4 Ne5 18. Bxe5 dxe5 19. Bh3 Bc5 20. Kb1 a5 21. Bxc8 Raxc8 22. h5 Be7 23. Rhg1 Qe6 24. Qxb5 Bc5 25. Rg3 Bf2 26. Rg2 Bd4 27. c3 Qh3 28. Qe2 Bc5 29. h6 Qe6 30. hxg7 Kxg7 31. Nf6 Rh8 32. Qh5 Be7 33. Qh6# 1-0

[Event "Quebec op U1600"]
[Site "Montreal"]
[Date "1988.07.29"]
[Round "6"]
[White "Pereira, Shelby"]
[Black "Charest, Johanne"]
[Result "1-0"]
[WhiteElo "1470"]
[BlackElo "1388"]
[PlyCount "41"]
[EventDate "1988.07.24"]
[EventType "swiss"]
[EventRounds "8"]
[EventCountry "CAN"]
[SourceTitle "EXT 2022"]
[Source "ChessBase"]
[SourceDate "2021.10.06"]
[SourceVersion "1"]
[SourceVersionDate "2021.10.06"]
[SourceQuality "1"]

1. e4 e5 2. Nf3 Nc6 3. Bb5 Bc5 4. 0-0 d6 5. d4 exd4 6. Nxd4 Bd7 7. Nb3 Bb6 8. Nc3 Nf6 9. Bg5 h6 10. h4 a6 11. Be2 0-0 12. Nd5 Ba7 13. Nxf6+ gxf6 14. Kh1 Kh7 15. f4 Rg8 16. Bd3 Kh8 17. Qh5 Rg7 18. Qxh6+ Rh7 19. Bxf6+ Kg8 20. Qg5+ Rg7 21. Qxg7# 1-0